| 000 | 00394nam a2200133Ia 4500 | ||
|---|---|---|---|
| 008 | 231129s2003||||xx |||||||||||||| ||spa|| | ||
| 020 | _a958-655-515-1 | ||
| 040 | _bspa | ||
| 082 | _a617.3 M294m | ||
| 245 | 0 | _aManual de normas y procedimientos en trauma | |
| 260 | _c2003 | ||
| 264 | _aMedellín Colombia : Universidad de Antioquia | ||
| 942 |
_2ddc _cBKS |
||
| 999 |
_c20414 _d20414 |
||